Inauguración de los gabinetes de fotogrametría y cartografía provincial
Publicado:
San Jorge, núm. 78 (2n trimestre 1970), pàg 120 - 121 :
MARC
| LEADER | 00000nam a2200000Ia 4500 | ||
|---|---|---|---|
| 008 | 160829s9999 xx 000 0 cat d | ||
| 245 | |a Inauguración de los gabinetes de fotogrametría y cartografía provincial | ||
| 260 | |a San Jorge, núm. 78 (2n trimestre 1970), pàg 120 - 121 | ||
| 600 | 0 | |9 28922 |a Muller i d'Abadal, Josep M., |d 1919-1981 | |
| 610 | 1 | 0 | |a Barcelona (Catalunya : Província). |b Servicio de Cartografía y Fotogrametría |9 55232 |
| 650 | 0 | |a Discursos castellans |9 54360 | |
| 901 | |a Arxiu | ||
| 942 | |n 1 |2 udc | ||
| 952 | |0 0 |1 0 |4 0 |7 1 |9 49862 |a Arxiu |b Arxiu |d 2016-12-01 |l 0 |r 2016-12-01 00:00:00 |w 2016-12-01 |y ARXIU | ||
| 999 | |c 53704 |d 53704 | ||